00708nam a22001937a 450000500170000001000150001702000270003203500160005903700130007508200120008824501860010026000220028627000880030830000250039670000270042170000270044870000140047570000250048920210923151035.0 aENG-129955 a9789353886066c1395.00 a EN-113487 bDBAD/PUB a338.961 aComparative Development of India & China:cedited by Neena Sondhi, Ramakrushna Panigrahi Miao Pang and Rajashri ChatterjeebEconomic,technological sectoral &Socio- cultural Insights bSageaIndiac2021 bNew Delhie110044aB1/1-1,Mohan Cooperative industrial Area Mathura road Post Bag 7 avii,491p.c25cm(hbk) aedited by Sondhi,Neena aPanigrahi,Ramakrushna  aPang,Miao aChatterjee, Rajashri